| 000 | 00438nam a22001457a 4500 | ||
|---|---|---|---|
| 003 | SGT | ||
| 082 |
_a616.01 _bT22S |
||
| 100 | _aSHARMA, MONIKA | ||
| 245 | _aThe Comparative Study Of The Efficacy Of Ziehl Neelsen Staining Auramine Staining And Gene Xpert ( CBNAAT) for the Daignosis of Pulmonary Tuberculosis | ||
| 260 |
_aGURUGRAM _bSGT UNIVERSITY _c2022 |
||
| 300 | _a215 | ||
| 650 | _aMICROBIOLOGY | ||
| 653 | _aPHD | ||
| 942 |
_2ddc _cTH |
||
| 999 |
_c26460 _d26460 |
||